000 01144 a2200313 4500
003 OSt
005 20180116192355.0
008 120607t xxu||||| |||| 00| 0 eng d
010 _a 99211607
020 _a0520220390
020 _a9780500282151
035 _a(DLC) 99211607
035 _a(OCoLC)41254268
040 _c0
082 0 0 _a701.85
100 1 _aGage, John.
_94294
245 1 0 _aColor and meaning :
_bart, science, and symbolism /
_cJohn Gage.
246 3 _aColour and meaning
260 _aBerkeley ;
_aLos Angeles :
_bUniversity of California Press,
_cc1999.
300 _a320 p. :
_bill. (some col.) ;
_c27 cm.
500 _aPublished by arrangement with Thames and Hudson.
650 1 0 _aColor in art.
_94295
650 1 0 _aColor
_xPsychological aspects.
_94296
650 1 0 _aColor.
_94297
856 4 2 _3Contributor biographical information
_uhttp://www.loc.gov/catdir/bios/ucal052/99211607.html
856 4 2 _3Publisher description
_uhttp://www.loc.gov/catdir/description/ucal042/99211607.html
942 _aSADA
_cBK
_k701.85 GAG 1999
_2ddc
999 _c353082
_d353082